000
00226nam a2200097Ia 4500
008
240331s9999 xx 000 0 und d
082
_b
ABR
100
_a
Abrol, D
245
0
_a
Arivuch chothu urimaigal :
_b
oor vilakkam
942
_c
L
999
_c
2552
_d
2552